000 00217nam a22000857a 4500
008 160705b xxu||||| |||| 00| 0 eng d
100 _92080
_a Freitas, F.C
245 _aBapu
260 _aNew Delhi
_bNational Book Trust
_c1970
999 _c1776
_d1776